000 00754nam a2200241Ia 4500
003 GCL
008 140319s9999 xx 000 0 ara d
040 _aGCL /
_cGCL
082 0 4 _a956.903
_bد م
100 1 _aديفيد جيلمور
245 1 0 _aالمطرودون محنة فلسطنية 1980-1917 /
_cديفيد جيلمور
260 _a[S.N] :
_bمكتبة مدبولى ،
_c1993
300 _a271 ص
490 _a
650 0 4 _aالعصر الحديث
650 0 4 _aفلسطين
650 0 4 _aالقضية الفلسطينية
650 0 4 _aالاحتلال الصهيونى
650 0 4 _aفلسطين المحتلة
650 0 4 _aحرب فلسطين 1948
650 0 4 _aاللاجئون الفلسطينيون
942 _2ddc
_cBK
999 _c39197
_d39197